000 01141nam a22002657a 4500
003 OSt
005 20250909143748.0
008 231017b ||||| |||| 00| 0 eng d
040 _c0
082 _aDPer 658.8005 J826 Winter-Fall 2020 v. 28 n. 1-4
100 _aPlouffe, Christopher R.
_eauthor.
_949616
245 _aThe Austrian view and value co-creation process in solution-oriented firms :
_ba seven stage, "solution prototyping" framework /
_cChristopher R. Plouffe, Duane Nagel, Leff Bonney, Bryan Hochstein, and Jim Salas.
260 _aPhiladelphia ;
_bTaylor & Francis Group ,
_cWinter 2020.
300 _aVolume 28, pages 79-97 :
_billustration ;
_c28 cm.
500 _aJournal of Marketing Theory and Practice, vol. 28, no. 1, pages 79-97, Winter 2020.
650 _aBusiness enterprises.
_949617
650 _aStrategy.
_918422
650 _aMarketing.
_949618
700 _aPlouffe, Christopher R.
_eauthor.
_949616
700 _aNagel, Duane.
_eauthor.
_949619
700 _aBonney, Leff.
_eauthor.
_949620
700 _aHochstein, Bryan.
_eauthor.
_949621
700 _aSalas, Jim.
_eauthor.
_949622
942 _2ddc
_cPER
999 _c18339
_d18339